| 000 | 00588nam a22001577a 4500 | ||
|---|---|---|---|
| 003 | LRUA | ||
| 005 | 20200706103326.0 | ||
| 008 | 200706b xxu||||| |||| 00| 0 eng d | ||
| 040 | _cRUA | ||
| 082 | _aMGR LON 2017 B469 Or.1 | ||
| 100 |
_914265 _aLONG PROS ,ឡុង ប្រុស |
||
| 245 | _acassava production in samlot district, battam bang province,ផលិតកម្មដំណាំដំឡូងមី នៅស្រុកសំឡូត ខេត្តបាត់ដំបង | ||
| 260 |
_aRUA _bphnom penh _c2017 |
||
| 300 |
_axii;45p; _bill; _c29cm; |
||
| 942 |
_2ddc _cNRM |
||
| 999 |
_c19240 _d19240 |
||